| 000 | 00650nam a2200277Ia 4500 | ||
|---|---|---|---|
| 001 | Z_5406 | ||
| 003 | CHAP | ||
| 008 | 220113s2005 xx 000 0 und d | ||
| 010 | _a168476 | ||
| 020 | _a1-904761-19-4 | ||
| 040 | _cCHAP | ||
| 082 | _a636.0896 D5 | ||
| 100 |
_aDiaz, D. E. _9142814 |
||
| 245 |
_aThe micotoxin blue book / _cEd. by D. E. Diaz |
||
| 260 |
_aNottingham : _b Nottingham University Press, _c2005 |
||
| 300 | _a349 p. | ||
| 500 | _afotocopia | ||
| 650 |
_aMicosis _975488 |
||
| 650 |
_aMicotoxinas _975489 |
||
| 901 | _a636.0896 D5 | ||
| 902 | _aM | ||
| 910 | _a2005 | ||
| 942 | _c1 | ||
| 942 | _cc1 | ||
| 999 |
_c168476 _d168476 |
||